000 00835nam0a2200289 4500
001 RU\NLR\BIBL_A\011555849
005 20240727052829.0
010 _a9785906990075
_931
021 _aRU
_b2017-88270
_96306
035 _a(RuMoRGB)009456217
035 _a(NLR Aleph) 011555849
090 _a12259908
_c12259908
100 _a20171212d2017 u y0rusy50 ca
101 0 _arus
102 _aRU
105 _aa z yg
200 1 _aПриморско-Ахтарские дали
_e[стихи]
_fАнтон Чегрин
210 _aКраснодар
_cНовация
_d2017
215 _a108 с.
_cил.
_d21
686 _aШ5(2=Р)64-65я44
_2rubbk
686 2 _aШ6(2=Р)8-5
700 1 _aЧегрин
_bА.
_gАнтон
942 _cBOOK
980 _aNBR